Normal view
MARC view
Entry Nombre personal
001 - NÚMERO DE CONTROL
- campo de control: 922
003 - IDENTIFICADOR DE NÚMERO DE CONTROL
- campo de control: DLC
005 - FECHA Y HORA DE LA ÚLTIMA TRANSACCIÓN
- campo de control: 20260319141525.0
008 - ELEMENTOS DE DATO DE LONGITUD-FIJA
- campo de control de longitud fija: 790418n| azannaabn b aaa
010 ## - NÚMERO DE CONTROL DE LA BIBLIOTECA DEL CONGRESO
- Número de control de LC: n 79026825
035 ## - NÚMERO DE CONTROL DEL SISTEMA
- Número de control de sistema: (OCoLC)oca00260538
040 ## - FUENTE DE CATALOGACIÓN
- Centro catalogador/agencia de origen: DLC
- Lengua de catalogación: eng
- Normas de descripción: rda
- Centro/agencia transcriptor: DLC
- Centro/agencia modificador: DLC
- Centro/agencia modificador: OCoLC
- Centro/agencia modificador: DLC
- Centro/agencia modificador: CaStEAL
- Centro/agencia modificador: NNC
046 ## - FECHAS CON CODIFICACIÓN ESPECIAL
- Fecha de nacimiento: 1914-11-29
- Fecha de la muerte: 1982-04-30
- Fuente del esquema de fecha: edtf
100 1# - ENCABEZAMIENTO-NOMBRE DE PERSONA
- Nombre de persona: Deshimaru, Taisen
370 ## - LUGAR ASOCIADO
- Lugar de fallecimiento: Tokyo (Japan)
- Fuente del término: naf
372 ## - CAMPO DE ACTIVIDAD
- Campo de actividad: Sōtōshū
- Fuente del término: naf
373 ## - GRUPO ASOCIADO
- Grupo asociado: Association Zen internationale
374 ## - OCUPACIÓN
- Ocupación: Buddhist monks
- Fuente del término: lcsh
400 1# - TRAZADO DE VÉASE--NOMBRE DE PERSONA
- Nombre de persona: Дешимару, Тайсен,
- Fechas asociadas al nombre: 1914-1982
400 1# - TRAZADO DE VÉASE--NOMBRE DE PERSONA
- Nombre de persona: 弟子丸泰仙,
- Fechas asociadas al nombre: 1914-1982
670 ## - FUENTE DE DATOS ENCONTRADOS
- Cita de la fuente: His Vrai zen, 1969.
670 ## - FUENTE DE DATOS ENCONTRADOS
- Cita de la fuente: His Questions to a Zen master, c1985:
- Información encontrada: CIP t.p. (Taisen Deshimaru) galley vii (Soto Zen monk; came to France from Japan in 1967; settled in Paris; d. in Tokyo, Apr. 1982)
670 ## - FUENTE DE DATOS ENCONTRADOS
- Cita de la fuente: Mushotoku mind, 2012:
- Información encontrada: CIP t.p. (Master Taisen Deshimaru) data view (founder of the Association Zen Internationale; arrived in Paris in 1967. La Gendronniere, the practice center he founded in France, was established in 1979 & continues to be an important Zen center. He died in 1982)
670 ## - FUENTE DE DATOS ENCONTRADOS
- Cita de la fuente: Wikipedia, viewed Feb. 17, 2016
- Información encontrada: (Taisen Deshimaru; b. 29 November 1914; d. April 30, 1982)
670 ## - FUENTE DE DATOS ENCONTRADOS
- Cita de la fuente: OCLC #40508414, July 18, 2019
- Información encontrada: (access point: 弟子丸泰仙 = Deshimaru, Taisen; usage: 弟子丸泰仙 = Deshimaru Taisen)